000 00847nam a2200253 a 4500
001 66390
003 BD-RjUL
005 20211209081534.0
008 1703 s1961 nyua b 001 0ceng d
035 _a(BD-RjUL)66520
040 _aDLC
_cCSU
_dOCL
_dSER
_dOCL
_dCHS
_dBD-RjUL
_beng
041 _aeng
082 _a150.81
_223
_bBOP 1961
100 1 _aBoring, Edwin Garrigues,
_9196472
245 1 0 _aPsychologist at large :
_ban autobiography and selected essays /
_cEdwin G. Boring
260 _aNew York :
_bBasic Books,
_cc1961.
300 _a371 p. ;
_bill. :
_c22 cm.
504 _aIncludes bibliography & Index
650 0 _aPsychologists, American
_xCorrespondence, reminiscences, etc.
_9196473
650 0 _aPsychology
_9179512
650 2 _aPsychology
_xbiography
_9196474
830 0 _aContemporary men of science
_9196476
942 _2ddc
_cBK
999 _c66390
_d66390